[Event "Tatry Open 2018"]
[Site "Tatranska Lomnica"]
[Date "2018.10.03"]
[Round "5"]
[White "Plug, Arjan"]
[Black "Parligras, Cosmin"]
[Result "0-1"]
[WhiteElo "1859"]
[BlackElo "2203"]
[Annotator "RC"]
[PlyCount "44"]
[EventDate "2018.09.30"]
[EventType "swiss"]
[EventCountry "SVK"]
[SourceTitle "playchess.com"]
[Source "ChessBase"]
[SourceQuality "1"]
[TimeControl "40/5400+30:1800+30"]

1. e4 {[%emt 0:00:00]} c6 {[%emt 0:03:32]} 2. d4 {[%emt 0:03:37]} g6 {[%emt 0:00:07]} 3. Nf3 {[%emt 0:00:40]} Bg7 {[%emt 0:00:38]} 4. Be2 {[%emt 0:00:42]} d6 {[%emt 0:00:41]} 5. O-O {[%emt 0:01:12]} Nf6 {[%emt 0:00:09]} 6. Nc3 {[%emt 0:04:11]} O-O {[%emt 0:00:10]} 7. Be3 {[%emt 0:00:54]} Qc7 {[%emt 0:02:59]} 8. Qd2 {[%emt 0:01:00]} Re8 {[%emt 0:01:53]} 9. Bg5 {[%emt 0:05:14]} Nbd7 {[%emt 0:00:38]} 10. Rfe1 {[%emt 0:05:42]} e5 {[%emt 0:03:59]} 11. dxe5 {[%emt 0:02:24]} dxe5 {[%emt 0:00:29]} 12. Bc4 {[%emt 0:00:44]} Nf8 {[%emt 0:02:42]} 13. Rad1 {[%emt 0:07:46]} Be6 {[%emt 0:06:03]} 14. Bxe6 {[%emt 0:04:23]} Nxe6 {[%emt 0:00:16]} 15. h3 {[%emt 0:03:19]} Rad8 {[%emt 0:01:12]} 16. Qe3 {[%emt 0:01:05]} Nxg5 {[%emt 0:05:24]} 17. Qxg5 {[%emt 0:01:36]} Nh5 {[%emt 0:01:03]} 18. Qe3 {[%emt 0:04:36]} b6 {[%emt 0:00:22]} 19. g3 {[%emt 0:00:15]} Bf8 {[%emt 0:00:54]} 20. Kg2 {[%emt 0:00:58]} Bc5 {[%emt 0:08:15]} 21. Qh6 {[%emt 0:01:41]} f6 {[%emt 0:00:58]} 22. Nh4 {[%emt 0:05:02]} Nf4+ {[%emt 0:00:20]} 0-1

[Event "Tatry Open 2018"]
[Site "Tatranska Lomnica"]
[Date "2018.10.03"]
[Round "5"]
[White "Vodicka, Michal"]
[Black "Weber, Samuel"]
[Result "0-1"]
[WhiteElo "1827"]
[BlackElo "2141"]
[Annotator "TA"]
[PlyCount "80"]
[EventDate "2018.09.30"]
[EventType "swiss"]
[EventCountry "SVK"]
[SourceTitle "playchess.com"]
[Source "ChessBase"]
[SourceQuality "1"]

{[%evp 13,80,0,2,-72,-61,-139,-141,-145,-151,-437,-290,-295,-210,-222,-212,-252,-250,-240,-240,-248,-242,-262,-261,-334,-347,-337,-334,-364,-355,-338,-338,-338,-338,-338,-338,-338,-338,-334,-338,-335,-323,-335,-335,-335,-335,-333,-328,-303,-306,-381,-363,-553,-522,-544,-541,-481,-454,-724,-713,-859,-850,-29973,-29974,-29974,-29975,-29975,-29976,-29972,-5122]} 1. e4 e5 2. Nf3 Nc6 3. d4 exd4 4. Bc4 Nf6 5. e5 d5 6. Bb5 Ne4 7. Nxd4 Bc5 {LiveBook: 303 Games. And now ...Nxf2! would win.} 8. Bxc6+ {C56: Two Knights: 4 d4 exd4 5 0-0 Nxe4} (8. Be3 $11 O-O 9. Nxc6 bxc6 10. Bxc5 Nxc5 11. Bxc6) (8. Be3 O-O 9. Nxc6 bxc6 10. Bxc5 Nxc5 11. Bxc6 Rb8 12. O-O Rxb2 13. Qxd5 Qxd5 14. Bxd5 Rxc2 15. Na3 Re2 16. Rac1 Nd3 17. Rxc7 Be6 18. Bb3 a5 19. Ra7 Bxb3 20. axb3 Rxe5 {1-0 (31) Nakamura,H (2798)-Onischuk,A (2665) Saint Louis 2015}) 8... bxc6 $17 9. O-O {[#]} (9. c3 $15) 9... Ba6 $1 {[%cal Ra6f1]} 10. Be3 {Black is clearly better.} Bxf1 11. e6 $146 (11. Qxf1 $17 Bxd4 12. Bxd4) ({Predecessor:} 11. Kxf1 Bxd4 12. Qxd4 O-O 13. f3 c5 14. Qa4 {0-1 (21) Balogh,P (1942)-Antal,A (2087) Eger 2009}) 11... Bxd4 12. Qxd4 Qf6 13. exf7+ Kxf7 14. Kxf1 Qxd4 15. Bxd4 c5 16. Be5 c6 17. f3 Rhe8 18. f4 g5 19. g3 h5 20. Nc3 {Now Nxe4 and White clings on.} Nd2+ 21. Kf2 Nc4 22. Re1 Nxe5 23. fxe5 $19 {[%mdl 4096] Endgame KRR-KRN} Re6 24. Na4 Rae8 25. Nxc5 Rxe5 26. Rxe5 Rxe5 {KR-KN} 27. Nd3 Re4 28. b3 Ke7 29. Nc5 Rd4 30. Ke2 {If only White now had time for c3....} Rb4 31. c3 Rb8 32. h4 (32. Nd3 $142) 32... gxh4 33. gxh4 Rg8 34. Nd3 Rg4 35. Kd2 (35. Kf3 $142 d4 36. cxd4) 35... Rxh4 36. a4 Rh2+ 37. Ke3 Rh3+ {Black mates.} 38. Ke2 {[#]} Rxd3 $1 39. Kxd3 h4 40. Ke3 c5 {Precision: White = 29%, Black = 100%.} 0-1

[Event "Tatry Open 2018"]
[Site "Tatranska Lomnica"]
[Date "2018.10.03"]
[Round "5"]
[White "Recky, Norbert"]
[Black "Steiner, Bruno"]
[Result "0-1"]
[WhiteElo "1789"]
[BlackElo "2075"]
[Annotator "NA RC"]
[PlyCount "60"]
[EventDate "2018.09.30"]
[EventType "swiss"]
[EventCountry "SVK"]
[SourceTitle "playchess.com"]
[Source "ChessBase"]
[SourceQuality "1"]
[TimeControl "40/5400+30:1800+30"]

1. e4 {[%emt 0:00:00]} e5 {[%emt 0:00:40]} 2. Nf3 {[%emt 0:00:00]} Nc6 {[%emt 0:00:12]} 3. Bb5 {[%emt 0:00:00]} a6 {[%emt 0:00:16]} 4. Ba4 {[%emt 0:00:00]} Nf6 {[%emt 0:00:22]} 5. d3 {[%emt 0:00:29]} b5 {[%emt 0:00:20]} 6. Bb3 {[%emt 0:00:13]} Bc5 {[%emt 0:00:08]} 7. O-O {[%emt 0:01:18]} d6 {[%emt 0:01:05]} 8. a4 {[%emt 0:00:36]} Rb8 {[%emt 0:00:47] C78: Ruy Lopez: Archangelsk and Möller Defences} 9. h3 {[%emt 0:00:42]} Ne7 {[%emt 0:00:50]} 10. Re1 {[%emt 0:05:40]} O-O {[%emt 0:07:43]} 11. Nbd2 {[%emt 0:01:53]} Ng6 {[%emt 0:02:18]} 12. Nf1 {[%emt 0:01:59]} Be6 $146 {[%emt 0:00:28]} ({Predecessor:} 12... h6 13. Ne3 Be6 14. c3 Bxb3 15. Qxb3 {1-0 (46) Adams,M (2737)-Leko,P (2763) Miskolc 2005}) 13. d4 {[%emt 0:07:07]} exd4 {[%emt 0:05:09]} 14. Nxd4 {[%emt 0:06:56]} Bxd4 {[%emt 0:01:03]} 15. Qxd4 {[%emt 0:00:14]} Nd7 {[%emt 0:00:14]} 16. Bd5 {[%emt 0:01:15]} c5 {[%emt 0:03:17]} 17. Qd1 {[%emt 0:00:37]} Bxd5 {[%emt 0:00:11]} 18. exd5 {[%emt 0:01:12]} Qf6 {[%emt 0:01:00]} 19. axb5 {[%emt 0:03:05]} axb5 {[%emt 0:00:12]} 20. Ra7 {[%emt 0:00:16]} Nb6 {[%emt 0:02:52]} 21. b3 {[%emt 0:02:03]} b4 {[%emt 0:00:12]} 22. Ne3 {[%emt 0:02:28]} Rfe8 {[%emt 0:04:55]} 23. Qd2 {[%emt 0:05:34]} h6 {[%emt 0:04:35]} 24. Rd1 {[%emt 0:00:21]} Re4 {[%emt 0:31:27]} 25. Ng4 {[%emt 0:11:11]} Qh4 {[%emt 0:01:34]} 26. Bb2 {[%emt 0:03:24]} Rbe8 {[%emt 0:03:17]} 27. Ne3 $2 {[%emt 0:02:37]} (27. Bf6 $1 $11 {und Weiss muss sich keine Sorgen machen.} Qh5 28. Rb7) 27... Nf4 {[%emt 0:08:28]} 28. Nf5 $2 {[%emt 0:07:02]} (28. Kh2 c4 29. bxc4) 28... Qg5 {[%emt 0:01:02]} 29. Ng3 {[%emt 0:01:31]} Nbxd5 {[%emt 0:03:12]} 30. Kh2 {[%emt 0:02:06] [#]} Re2 $19 {[%emt 0:02:33]} 0-1

[Event "Tatry Open 2018"]
[Site "Tatranska Lomnica"]
[Date "2018.10.03"]
[Round "5"]
[White "Aleksandravicius, Darius"]
[Black "Macko, Michal"]
[Result "0-1"]
[WhiteElo "1667"]
[BlackElo "2187"]
[Annotator "RC"]
[PlyCount "80"]
[EventDate "2018.09.30"]
[EventType "swiss"]
[EventCountry "SVK"]
[SourceTitle "playchess.com"]
[Source "ChessBase"]
[SourceQuality "1"]
[TimeControl "40/5400+30:1800+30"]

1. Nf3 {[%emt 0:00:00]} d5 {[%emt 0:00:00]} 2. g3 {[%emt 0:00:00]} Nf6 {[%emt 0:00:00]} 3. Bg2 {[%emt 0:00:09]} e6 {[%emt 0:00:02]} 4. O-O {[%emt 0:00:15]} Be7 {[%emt 0:00:02]} 5. d3 {[%emt 0:00:40]} O-O {[%emt 0:00:08]} 6. Bg5 {[%emt 0:00:18]} h6 {[%emt 0:02:54]} 7. Bxf6 {[%emt 0:03:02]} Bxf6 {[%emt 0:00:35]} 8. c3 {[%emt 0:00:11]} c5 {[%emt 0:00:15]} 9. Nbd2 {[%emt 0:00:16]} Nc6 {[%emt 0:00:21]} 10. e4 {[%emt 0:00:35]} b5 {[%emt 0:04:56]} 11. Qe2 {[%emt 0:00:35]} a5 {[%emt 0:01:03]} 12. e5 {[%emt 0:01:13]} Be7 {[%emt 0:00:06]} 13. h4 {[%emt 0:05:04]} Ba6 {[%emt 0:06:19]} 14. Nh2 {[%emt 0:08:17]} b4 {[%emt 0:04:46]} 15. f4 {[%emt 0:03:21]} Rb8 {[%emt 0:01:10]} 16. f5 {[%emt 0:05:44]} exf5 {[%emt 0:03:38]} 17. Rxf5 {[%emt 0:00:54]} Bc8 {[%emt 0:00:03]} 18. Rf2 {[%emt 0:06:26]} bxc3 {[%emt 0:00:13]} 19. bxc3 {[%emt 0:00:29]} Rb2 {[%emt 0:00:09]} 20. Qh5 {[%emt 0:03:15]} Be6 {[%emt 0:05:21]} 21. Raf1 {[%emt 0:35:38]} Rxa2 {[%emt 0:07:29]} 22. Ng4 {[%emt 0:01:35]} Bxg4 {[%emt 0:01:44]} 23. Qxg4 {[%emt 0:00:20]} Nxe5 {[%emt 0:01:14]} 24. Qf5 {[%emt 0:01:01]} Qd6 {[%emt 0:07:15]} 25. d4 {[%emt 0:03:38]} cxd4 {[%emt 0:03:02]} 26. cxd4 {[%emt 0:00:10]} Nd7 {[%emt 0:00:34]} 27. Qxd5 {[%emt 0:00:50]} Rc2 {[%emt 0:11:32]} 28. Rxf7 {[%emt 0:08:20]} Rxf7 {[%emt 0:06:48]} 29. Qxf7+ {[%emt 0:01:30]} Kh8 {[%emt 0:00:09]} 30. Qe8+ {[%emt 0:01:58]} Bf8 {[%emt 0:00:52]} 31. Nb3 {[%emt 0:04:04]} Nf6 {[%emt 0:06:04]} 32. Qa8 {[%emt 0:03:15]} a4 {[%emt 0:00:39]} 33. Na5 {[%emt 0:01:35]} a3 {[%emt 0:02:07]} 34. Nb7 {[%emt 0:01:04]} Qxg3 {[%emt 0:00:24]} 35. Nd8 {[%emt 0:01:05]} a2 {[%emt 0:05:14]} 36. Nf7+ {[%emt 0:00:27]} Kg8 {[%emt 0:00:50]} 37. Ne5 {[%emt 0:00:37]} a1=Q {[%emt 0:03:14]} 38. Rxa1 {[%emt 0:00:28]} Qf2+ {[%emt 0:00:05]} 39. Kh1 {[%emt 0:00:36]} Qxh4+ {[%emt 0:00:06]} 40. Kg1 {[%emt 0:00:16]} Qxd4+ {[%emt 0:00:05]} 0-1

[Event "Tatry Open 2018"]
[Site "Tatranska Lomnica"]
[Date "2018.10.04"]
[Round "6"]
[White "Pacher, Milan"]
[Black "Zylka, Stanislaw"]
[Result "1-0"]
[WhiteElo "2457"]
[BlackElo "2327"]
[Annotator "TA"]
[PlyCount "79"]
[EventDate "2018.09.30"]
[EventType "swiss"]
[EventCountry "SVK"]
[SourceTitle "playchess.com"]
[Source "ChessBase"]
[SourceQuality "1"]

{[%evp 18,79,18,0,33,33,34,17,47,41,52,57,50,27,36,0,7,20,52,51,51,63,53,66,64,52,63,33,86,89,251,244,222,229,341,339,716,509,484,487,498,377,363,397,621,592,575,554,852,847,745,566,709,712,682,677,1837,1735,1883,1174,29996,29993,29997,29998]} 1. c4 e5 2. Nc3 Nf6 3. Nf3 Nc6 4. e3 Be7 5. d4 exd4 6. exd4 d5 7. c5 O-O 8. Bb5 Nb8 9. O-O c6 10. Bd3 Bg4 {C01: French: Exchange Variation} 11. h3 (11. Bf4 Nbd7 12. h3 {½-½ (11) Martin Del Campo C,R (2485)-Pecorelli Garcia,H (2465) Santa Clara 1998}) 11... Bh5 12. Bf4 Nbd7 {The position is equal.} 13. b4 $146 ({Predecessor:} 13. Re1 Re8 14. g4 Bg6 15. Bxg6 hxg6 16. Ng5 Nh7 17. Nxh7 Kxh7 18. Qf3 Bf6 {½-½ (17) Heyne,G (1998)-Reichardt,P (1894) Bayern 2013}) 13... a6 14. g4 Bg6 15. Bxg6 hxg6 16. Qd3 Nh7 $1 17. Rae1 f5 {[#] Strongly threatening ...fxg4.} 18. Bc7 $36 {[%mdl 2048] White has good play.} Qxc7 19. Rxe7 {Rfe1 is the strong threat.} Rae8 $1 {[%cal Re8e7]} 20. Rxe8 Rxe8 21. gxf5 Qf4 22. fxg6 Nhf6 ({Black should play} 22... Ng5 $14 23. Nxg5 Qxg5+ 24. Qg3 Qxg3+ 25. fxg3 Re3 26. Nxd5 (26. Rf7 Nf8 $11) 26... cxd5) 23. Re1 Ne4 $2 (23... Rxe1+ $16 24. Nxe1 Nf8) 24. Nxe4 $18 dxe4 25. Qb3+ Kh8 (25... Kf8 {is a better defense.}) 26. Qf7 Nf6 $2 (26... Rf8 27. Qxf4 (27. Qxd7 Qxf3 28. Rf1 e3 $16) 27... Rxf4) 27. Re3 Qb8 28. Ne5 Qd8 29. Qb3 {[#] White wants to mate with Nf7+.} Qd5 30. Qxd5 cxd5 {[%mdl 4096] Endgame KRN-KRN} (30... Nxd5 $142 31. Rxe4 Kg8) 31. a4 {[%cal Ba2a4,Ba4b5,Bb5c6][%mdl 32]} Kg8 32. b5 axb5 33. axb5 Ra8 34. c6 bxc6 35. bxc6 Ne8 36. Rb3 Kf8 37. Rb7 Ra1+ 38. Kg2 {Threatening mate with Rf7+.} Rd1 39. Rf7+ Kg8 40. Nd7 {Precision: White = 66%, Black = 28%.} 1-0

[Event "Tatry Open 2018"]
[Site "Tatranska Lomnica"]
[Date "2018.10.04"]
[Round "6"]
[White "Mrva, Martin"]
[Black "Vorisek, Jakub"]
[Result "1-0"]
[WhiteElo "2430"]
[BlackElo "2069"]
[Annotator "TA"]
[PlyCount "71"]
[EventDate "2018.09.30"]
[EventType "swiss"]
[EventCountry "SVK"]
[SourceTitle "playchess.com"]
[Source "ChessBase"]
[SourceQuality "1"]

{[%evp 12,71,15,16,21,24,11,-2,47,0,28,-6,44,27,52,44,46,-19,97,97,126,132,145,122,140,136,179,177,176,164,166,160,167,185,159,73,230,211,331,249,236,235,307,297,381,165,173,166,206,153,212,183,307,301,272,296,534,524,2210,2202,1885,1766]} 1. e4 e6 2. g3 d5 3. Bg2 c5 4. Nc3 {[%cal Bb1c3,Bc3e2,Be2f4][%mdl 32]} d4 5. Nce2 d3 6. cxd3 Qxd3 7. Nf4 {LiveBook: 8 Games. B23: Closed Sicilian: Lines without g3} Qd8 (7... Qd7 8. Nge2 Nc6 9. O-O Nf6 10. b3 Bd6 11. Ba3 O-O 12. Rc1 e5 13. Nd5 Nxd5 14. exd5 Nb4 15. Bxb4 cxb4 {0-1 (53) Vargic,D (2360)-Lalic,B (2495) Sibenik 2010}) 8. Nf3 Nc6 9. O-O {The position is equal.} Nf6 10. Re1 $146 ({Predecessor:} 10. d3 Be7 11. Be3 e5 12. Ne2 O-O 13. a3 b6 14. Rc1 Bb7 {0-1 (27) Dolnik,A (2028)-Rakay,K (2130) Slovakia 2001}) 10... Be7 (10... e5 $5 {[%cal Re5f4]} 11. Nd5 Be7 $11) 11. b3 O-O (11... e5 $5 {[%cal Re5f4]} 12. Nd5 O-O $11) 12. Bb2 Bd7 13. Rc1 Rc8 14. e5 (14. d4 $14) 14... Ne8 (14... Nd5 $11) 15. d4 $16 b6 16. dxc5 Bxc5 17. Re2 Qe7 18. Nd3 Nc7 19. Nxc5 bxc5 20. Rec2 Na6 21. a3 Na5 22. Nd2 Rb8 23. Ne4 (23. Bf1 $142 $1) 23... Kh8 $2 ({Don't blunder} 23... Nxb3 $2 24. Nf6+ $1 {[%mdl 512]} Kh8 25. Nxd7 $18 (25. Qxd7 Qd8 $18)) (23... Rfd8 $16 {might work better.}) 24. Bf1 $18 Bb5 (24... Nxb3 $142 25. Bxa6 Nxc1) 25. Nd6 Bxf1 26. Qxf1 Rb6 27. b4 $1 {[%cal Rb4a5]} Nb3 28. bxc5 (28. Rd1 $142) 28... Naxc5 29. Rd1 h6 30. Bc3 Na6 (30... a5 $16 31. Bxa5 Nxa5) 31. Qe2 Rfb8 {[#]} (31... Rc6 $142 32. Bd4 Nxd4 33. Rxd4 Nb8) 32. Bb4 $1 {[%mdl 512]} Nxb4 {[#]} 33. Rc8+ $1 Kh7 $2 (33... Rxc8 {keeps fighting.} 34. Nxc8 Qc7 35. Nxb6 Nc6) 34. axb4 {White is clearly winning.} Rxb4 35. Qc2+ g6 36. Rc7 {Precision: White = 51%, Black = 26%.} 1-0

[Event "Tatry Open 2018"]
[Site "Tatranska Lomnica"]
[Date "2018.10.04"]
[Round "6"]
[White "Berezjuk, Sergej"]
[Black "Matras, Ondrej"]
[Result "1/2-1/2"]
[WhiteElo "2427"]
[BlackElo "2224"]
[Annotator "TA"]
[PlyCount "99"]
[EventDate "2018.09.30"]
[EventType "swiss"]
[EventCountry "SVK"]
[SourceTitle "playchess.com"]
[Source "ChessBase"]
[SourceQuality "1"]

{[%evp 16,99,32,33,33,33,29,29,34,29,47,29,68,66,100,29,39,29,29,34,31,26,39,20,55,38,35,46,74,75,98,87,106,107,202,195,197,76,86,51,45,37,58,54,47,14,20,7,8,8,8,8,8,0,8,8,8,8,8,8,8,0,13,0,8,0,8,7,8,7,8,8,17,0,0,0,17,17,23,8,33,0,8,0,0,0]} 1. Nf3 e6 2. c4 Nf6 3. Nc3 d5 4. e3 c6 5. b3 Nbd7 6. Bb2 Bd6 7. Qc2 {A11: English Opening: 1...c6} a6 8. d4 Qe7 (8... O-O 9. Bd3 e5 10. cxd5 cxd5 11. dxe5 Nxe5 12. Nxe5 Bxe5 13. Ne2 Qd6 14. Bxe5 Qxe5 15. Qc3 Qd6 16. f3 Bd7 17. Kf2 {1-0 (34) Wei,Y (2734)-Wang,H (2710) Tianjin 2018}) 9. Bd3 {LiveBook: 3 Games. White is slightly better.} e5 10. cxd5 cxd5 {[#] ...e4 is the strong threat.} 11. dxe5 Nxe5 12. Nxe5 Bxe5 13. Ne2 Bd6 $146 ({Predecessor:} 13... Bg4 14. Bxe5 Qxe5 15. Nd4 Rc8 {1-0 (101) Mikhalevski,V (2598)-Lahaye,R (2367) Ottawa 2007}) 14. O-O h6 15. Nd4 ({White should play} 15. Bxa6 $16 {Strongly threatening Bb5+.} O-O 16. Bb5) 15... O-O $11 16. Nf5 Bxf5 $1 17. Bxf5 Be5 18. Rfd1 Rfd8 19. Rac1 a5 20. Bd4 Bxd4 21. Rxd4 b5 22. g3 {[%cal Bg2g3,Bg3g4][%mdl 32]} Qa3 23. Rcd1 Re8 24. h4 b4 {[#]} (24... Qe7 $16) 25. g4 $1 $18 a4 26. bxa4 (26. g5 $18 hxg5 27. hxg5 axb3 28. axb3 (28. Qxb3 Re5 $11)) 26... Qxa4 $16 27. Qxa4 (27. R1d2 {looks sharper.} Qxc2 28. Bxc2 Ne4 29. Bxe4 Rxe4 30. Rxe4 dxe4 31. Rd4) 27... Rxa4 28. Bb1 g5 29. hxg5 hxg5 30. Rc1 Rb8 31. Kg2 Ra3 32. Rc6 Kg7 33. Rd2 Rc3 34. Ra6 b3 35. axb3 Rcxb3 36. Bf5 Rb2 37. Rxb2 Rxb2 $11 {[%mdl 4096] Endgame KRB-KRN} 38. Ra4 Rd2 39. Kf3 Rb2 40. Ra7 Kf8 41. Ra3 Kg7 42. Kg3 Rb4 43. Rd3 Rc4 44. f4 gxf4+ 45. exf4 Rc5 46. Kf3 Ng8 47. Re3 Kf8 48. Re5 Ne7 49. Bd3 Nc6 50. Rh5 {Precision: White = 37%, Black = 36%.} 1/2-1/2

[Event "Tatry Open 2018"]
[Site "Tatranska Lomnica"]
[Date "2018.10.04"]
[Round "6"]
[White "Vyskocil, Neklan"]
[Black "Bochnicka, Vladimir"]
[Result "1/2-1/2"]
[WhiteElo "2315"]
[BlackElo "2092"]
[Annotator "TA"]
[PlyCount "54"]
[EventDate "2018.09.30"]
[EventType "swiss"]
[EventCountry "SVK"]
[SourceTitle "playchess.com"]
[Source "ChessBase"]
[SourceQuality "1"]

{[%evp 15,54,0,49,33,18,0,0,0,0,0,0,-18,0,0,0,0,41,0,6,3,8,8,4,6,4,0,0,-9,-6,-10,-4,-3,-3,-14,-10,-18,-27,-23,-18,-23,12]} 1. c4 Nf6 2. Nc3 g6 3. g3 Bg7 4. Bg2 O-O 5. Nf3 d6 6. O-O e5 7. d3 c6 8. Rb1 Nh5 {LiveBook: 4 Games} 9. d4 {A24: English Opening vs King's Indian: Lines without ...Nc6} (9. Nd2 a6 10. b4 e4 11. Qc2 exd3 12. exd3 Re8 13. Bb2 Be6 14. Nb3 f5 15. Ne2 Nd7 16. Bxg7 Kxg7 {1-0 (45) Thorarinsson,P (2273)-Ronka,E (2287) Antalya 2017}) 9... f5 10. dxe5 $146 (10. Bg5 {with more complications.} Qc7 11. d5 h6 12. Bc1 Nf6 13. b3) ({Predecessor:} 10. d5 h6 11. dxc6 bxc6 12. b3 e4 13. Nd4 d5 14. Ba3 Rf7 15. cxd5 Qb6 16. e3 Ba6 {1-0 (40) Zwaig,A-Iskov,G Hindas 1975}) 10... dxe5 11. Qxd8 {The position is equal.} Rxd8 12. Bg5 Re8 13. Be3 Be6 14. b3 e4 15. Nd4 Bf7 16. Rbc1 (16. g4 $5 {[%cal Rg4h5]} Nf4 17. gxf5 (17. Bxf4 Bxd4 18. Rbc1 Na6 $11) 17... Nxg2 18. fxg6 (18. Kxg2 gxf5 19. Rbd1 Bg6 $15) 18... Bxg6 19. Kxg2 $14) 16... Rd8 17. Rfd1 {And now Nxf5! would win.} Na6 18. g4 Nf4 19. gxf5 gxf5 20. Bf1 Bg6 21. Nxf5 Rxd1 22. Nxd1 Nxe2+ $1 23. Bxe2 Bxf5 24. a3 Nc7 25. Rc2 Ne6 26. Rd2 Be5 27. f3 Bf4 {Precision: White = 29%, Black = 61%.} 1/2-1/2

[Event "Tatry Open 2018"]
[Site "Tatranska Lomnica"]
[Date "2018.10.04"]
[Round "6"]
[White "Borsos, Bogdan"]
[Black "Sturc, Jan"]
[Result "1-0"]
[WhiteElo "2266"]
[BlackElo "2036"]
[Annotator "TA"]
[PlyCount "45"]
[EventDate "2018.09.30"]
[EventType "swiss"]
[EventCountry "SVK"]
[SourceTitle "playchess.com"]
[Source "ChessBase"]
[SourceQuality "1"]

{[%evp 27,45,35,63,54,54,57,59,39,52,41,141,98,92,52,110,128,125,111,319,310]} 1. d4 d5 2. c4 c6 3. Nf3 Nf6 4. Nc3 e6 5. Bg5 Nbd7 6. e3 Be7 7. Rc1 h6 8. Bh4 O-O 9. Bd3 dxc4 10. Bxc4 b5 11. Bd3 a6 12. O-O Bb7 13. a4 Rc8 {D66: Queen's Gambit Declined: Classical: Main Line (7 Rc1 c6 8 Bd3)} 14. Qe2 b4 {LiveBook: 10 Games} 15. Nb1 {[%cal Bc3b1,Bb1d2,Bd2b3][%mdl 32]} (15. Bxf6 Nxf6 16. Ne4 Nxe4 17. Bxe4 Qa5 18. Ne5 Qxa4 19. Nd7 Rfd8 20. Nb6 Qa5 21. Nxc8 Rxc8 {1-0 (32) Zeng,C (2532)-Li,D (2450) Tianjin 2018}) 15... a5 {White is slightly better.} 16. Nbd2 c5 17. Bb5 $146 ({Predecessor:} 17. Nb3 Bd5 18. Nfd2 Qb6 19. Nc4 Bxc4 20. Bxc4 cxd4 21. Nxd4 {½-½ (57) Franchini,G (2215)-Bukacek,L (2090) Plzen 2004}) 17... Nd5 18. Bg3 Bc6 (18... Nc7 $14) 19. Bxc6 Rxc6 20. e4 N5b6 (20... N5f6 $1 $14) 21. Nb3 $16 Qa8 22. Qb5 {[%cal Rd4c5]} Rcc8 $2 {[#]} (22... c4 $16 {is a better defense.}) 23. dxc5 1-0

[Event "Tatry Open 2018"]
[Site "Tatranska Lomnica"]
[Date "2018.10.04"]
[Round "6"]
[White "Franzen, Jozef"]
[Black "Valenta, Vit"]
[Result "1-0"]
[WhiteElo "2254"]
[BlackElo "2147"]
[Annotator "TA"]
[PlyCount "125"]
[EventDate "2018.09.30"]
[EventType "swiss"]
[EventCountry "SVK"]
[SourceTitle "playchess.com"]
[Source "ChessBase"]
[SourceQuality "1"]

{[%evp 17,125,20,31,23,32,10,14,6,17,21,54,13,77,78,79,80,80,64,82,78,106,108,82,105,195,224,472,414,689,660,681,680,803,802,673,714,862,523,450,435,409,408,399,277,261,59,485,482,610,597,566,411,662,657,612,540,524,412,1134,690,682,666,779,754,869,634,1141,643,684,544,650,496,490,498,460,466,464,464,444,212,184,59,802,802,802,755,548,563,1615,729,1401,1422,1223,688,1073,1096,1399,1491,29979,29978,29980,29978,29966,686,521,515,506,440,785,727]} 1. Nf3 Nf6 2. g3 g6 3. Bg2 Bg7 4. O-O O-O 5. c4 d6 6. d4 Nbd7 7. Nc3 e5 8. e4 a5 9. h3 Re8 {LiveBook: 23 Games} 10. d5 {E67: King's Indian: Fianchetto: 6...Nbd7} (10. Re1 exd4 11. Nxd4 Nc5 12. Ndb5 Bd7 13. Bf4 Bxb5 14. cxb5 Nfd7 15. Qc2 h5 16. Rad1 h4 17. gxh4 Qxh4 18. Nd5 Rac8 19. Qd2 Ne6 20. Bg3 Qh8 {½-½ (112) Smith,A (2449)-Hillarp Persson,T (2563) Sunne 2015}) 10... Nc5 11. Qc2 Bd7 12. Be3 {The position is equal.} b6 13. b3 {[%cal Bb2b3,Bb3b4][%mdl 32]} h6 $146 ({Predecessor:} 13... Nh5 14. a3 a4 15. b4 Nb3 16. Rad1 f5 17. exf5 gxf5 18. Ng5 Nd4 {1-0 (72) Seuffert,G (2350)-Schoeneberg,M (2300) Germany 2006}) 14. a3 Qe7 (14... a4 $11) 15. b4 $16 Nb7 16. Kh2 Kh7 17. Nd2 Ng8 18. Rae1 h5 19. f4 exf4 20. gxf4 Qf6 {[#]} (20... axb4 $16 21. axb4 Ra3) 21. e5 $1 $18 {[%cal Re5f6]} Qf5 $2 (21... dxe5 {was necessary.} 22. Nde4 Qe7) 22. Nde4 {aiming for Ng5+.} Bh6 (22... Kh8 $142 23. Kg1 axb4) 23. Ne2 axb4 24. N2g3 Ba4 25. Qd3 ({Less strong is} 25. Nxf5 Bxc2 26. Nxh6 Kxh6 $16) 25... Qc8 26. axb4 Bd7 {[#]} 27. Nxh5 $1 {[%mdl 512]} Bf5 (27... gxh5 28. Ng5+) 28. Nhg3 Ra2 29. Nxf5 Qxf5 30. Qb1 Rea8 31. exd6 $2 (31. Kh1 $18) 31... cxd6 $2 {[%mdl 8192]} (31... Nxd6 $14 32. Nxd6 cxd6) 32. Ng5+ Bxg5 33. fxg5 Qe5+ 34. Kh1 Nd8 (34... Ra1 $142) 35. Bf4 Qd4 36. Qe4 Qxe4 37. Rxe4 Nb7 (37... f5 $142) 38. Be3 Kg7 39. Ref4 f5 40. gxf6+ Kf7 41. Bxb6 Rc2 42. R1f2 Rxf2 43. Bxf2 Ra4 44. Be1 Ra1 45. Rf1 Rc1 46. c5 dxc5 47. d6 Nxd6 48. Bd5+ (48. bxc5 $142 Nf5 49. Bd5+ Kxf6 50. Bxg8) 48... Kf8 {[#]} 49. Kg2 (49. Kg1 $1 $18) 49... c4 $2 {[%mdl 8192]} (49... Nf5 $14 50. Bf2 Rc2) 50. Bg3 Rc2+ 51. Kg1 Nf7 52. Bf2 Ngh6 53. Re1 (53. Ra1 $142 Kg8 54. Ra8+ Kh7 55. Ra7 Rc1+ 56. Kg2) 53... c3 54. Bc5+ Kg8 55. Re8+ Kh7 {White should prevent ...Rd2.} 56. Re7 Kg8 57. Be3 {White threatens Bxh6 and mate.} Kf8 58. Rc7 Ke8 59. Bxh6 Nxh6 60. f7+ (60. Be6 $142 Rc1+ 61. Kf2 Rd1 62. Rh7 Kd8 63. Rxh6 Kc7 64. Rh8 c2 65. Rc8+ Kd6 66. f7 Kxe6 67. f8=Q) 60... Nxf7 {White is clearly winning.} 61. Bxf7+ Kd8 62. Rc4 Rb2 (62... g5 $142 63. Bg6 Rb2 64. Rxc3 Rxb4) 63. Bxg6 {Precision: White = 52%, Black = 22%.} 1-0